Les Vainqueurs de la Ligue des Champions - Statistiques

Statistiques générales
  • Ce quiz a été pris 148 fois
    38 depuis la dernière actualisation
  • Le résultat moyen est 38 sur 71
Statistiques - réponses
Hint Réponse % Correct
1956 Real Madrid
85%
1957 Real Madrid
85%
1958 Real Madrid
85%
2025 Paris Saint-Germain
82%
2026 Paris Saint-Germain
82%
1959 Real Madrid
82%
1960 Real Madrid
79%
2020 Bayern Munich
70%
2023 Manchester City
70%
2014 Real Madrid
70%
2016 Real Madrid
70%
2017 Real Madrid
70%
2018 Real Madrid
70%
2022 Real Madrid
70%
1961 Benfica Lisbonne
67%
1962 Benfica Lisbonne
67%
2012 Chelsea
67%
2021 Chelsea
67%
2015 FC Barcelone
67%
2004 FC Porto
67%
2010 Inter Milan
67%
2019 Liverpool
67%
2013 Bayern Munich
64%
2009 FC Barcelone
64%
2024 Real Madrid
64%
2006 FC Barcelone
61%
2011 FC Barcelone
61%
2008 Manchester United
61%
1993 Olympique de Marseille
61%
2007 AC Milan
58%
2005 Liverpool
58%
1971 Ajax Amsterdam
55%
1972 Ajax Amsterdam
55%
1973 Ajax Amsterdam
55%
1974 Bayern Munich
55%
1975 Bayern Munich
55%
1976 Bayern Munich
55%
2002 Real Madrid
55%
2003 AC Milan
52%
1998 Real Madrid
52%
2000 Real Madrid
52%
1994 AC Milan
48%
2001 Bayern Munich
48%
1997 Borussia Dortmund
48%
1996 Juventus Turin
45%
1990 AC Milan
42%
1967 Celtic Glasgow
42%
1992 FC Barcelone
42%
1964 Inter Milan
42%
1989 AC Milan
39%
1982 Aston Villa
39%
1977 Liverpool
39%
1981 Liverpool
39%
1979 Nottingham Forest
39%
1980 Nottingham Forest
39%
1963 AC Milan
36%
1995 Ajax Amsterdam
36%
1970 Feyenoord Rotterdam
36%
1983 Hambourg
36%
1965 Inter Milan
36%
1978 Liverpool
36%
1999 Manchester United
36%
1991 Étoile Rouge de Belgrade
33%
1984 Liverpool
33%
1968 Manchester United
33%
1988 PSV Eindhoven
33%
1966 Real Madrid
33%
1969 AC Milan
30%
1986 Steaua Bucarest
30%
1987 FC Porto
27%
1985 Juventus Turin
27%
Aucun quiz correspondant
Distribution des résultats
% des personnes avec chaque résultat
Percentile par nombre de réponses
Votre historique - résultats
Vous n’avez pas pris ce quiz depuis la dernière actualisation